000032282 001__ 32282
000032282 005__ 20260201175621.0
000032282 022__ $$a1088-5870$$l1088-5870
000032282 0247_ $$2ZDBID$$aPERI:(DE-600)2060289-3
000032282 0247_ $$2ZDBPPN$$aZDPPN:022728368
000032282 0247_ $$2EZBID$$aPERI:(DE-606)15668
000032282 0247_ $$2EZBID$$aPERI:(DE-606)15668
000032282 0247_ $$2OCLC$$aOCLC:1368130024
000032282 0247_ $$2JCR$$aJCR:PSYART J
000032282 0247_ $$2ISI$$aWOS:PSYART JOURNAL-ONLINE JOURNAL FOR THE PSYCHOLOGICAL STUDY OF THE ARTS
000032282 035__ $$aPERI:(DE-600)2060289-3
000032282 040__ $$a0091$$bger$$cDE-101$$dJOIN²$$eJOIN² journal identification
000032282 041__ $$aeng
000032282 044__ $$cXD-US
000032282 082__ $$222sdnb$$a700$$qDE-600
000032282 08274 $$222sdnb$$a700$$qDE-600
000032282 24220 $$2DE-600$$aPsyart$$ba hyperlink journal for the psychological study of the arts$$cInstitute for Psychological Study of the Arts (IPSA), University of Florida$$yen
000032282 24220 $$2DE-600$$aPsyart$$ba hyperlink journal for the psychological study of the arts$$cInstitute for Psychological Study of the Arts (IPSA), University of Florida
000032282 245__ $$2DE-600$$aPsyart$$ba hyperlink journal for the psychological study of the arts$$cInstitute for Psychological Study of the Arts (IPSA), University of Florida$$honline
000032282 2463_ $$2DE-600$$aPsyart
000032282 2463_ $$aPsyart
000032282 260__ $$aGainesville$$bPsyArt Foundation$$c1997-
000032282 26431 $$aGainesville$$bPsyArt Foundation$$c1997-
000032282 3620_ $$2DE-600$$a1.1997 -
000032282 36301 $$2DE-600$$81.1\x$$a1$$i1997
000032282 380__ $$2marcgt$$ajournal
000032282 500__ $$aAutomatically generated record. (Updated: 2025-11-12)
000032282 65310 $$2EZB-Subject$$aPsychology
000032282 65310 $$2EZB-Keyword$$aPsychotherapie
000032282 65310 $$2EZB-Keyword$$aRehabilitation
000032282 65310 $$2EZB-Keyword$$aKunsttherapie
000032282 8564_ $$d0$$uhttp://journal.psyart.org$$yVerlag = kostenfrei
000032282 8564_ $$d0$$uhttps://ezb.ur.de/?2060289-3$$yEZB
000032282 8801_ $$2DE-600$$aPsyart$$ba hyperlink journal for the psychological study of the arts$$cInstitute for Psychological Study of the Arts (IPSA), University of Florida
000032282 909CO $$ooai:juser.fz-juelich.de:80016$$pauthority$$pauthority:PERI
000032282 909CO $$ooai:juser.fz-juelich.de:80016
000032282 915__ $$0StatID:(DE-HGF)0100$$2StatID$$aJCR$$bPSYART J : 2022$$d2025-11-12
000032282 915__ $$0StatID:(DE-HGF)0600$$2StatID$$aDBCoverage$$bEbsco Academic Search$$d2025-11-12
000032282 915__ $$0StatID:(DE-HGF)0030$$2StatID$$aPeer Review$$bASC$$d2025-11-12
000032282 915__ $$0StatID:(DE-HGF)0199$$2StatID$$aDBCoverage$$bClarivate Analytics Master Journal List$$d2025-11-12
000032282 915__ $$0StatID:(DE-HGF)0112$$2StatID$$aWoS$$bEmerging Sources Citation Index$$d2025-11-12
000032282 915__ $$0StatID:(DE-HGF)0150$$2StatID$$aDBCoverage$$bWeb of Science Core Collection$$d2025-11-12
000032282 915__ $$0StatID:(DE-HGF)9900$$2StatID$$aIF < 5$$d2025-11-12
000032282 980__ $$aPERI
000032282 980__ $$aAUTHORITY